<?xml version="1.0" encoding="UTF-8"?>
<record
    xmlns:xsi="http://www.w3.org/2001/XMLSchema-instance"
    xsi:schemaLocation="http://www.loc.gov/MARC21/slim http://www.loc.gov/standards/marcxml/schema/MARC21slim.xsd"
    xmlns="http://www.loc.gov/MARC21/slim">

  <leader>01546cam a2200421 i 4500</leader>
  <controlfield tag="001">zz2005906517</controlfield>
  <controlfield tag="003">NUKAT</controlfield>
  <controlfield tag="005">20260421115227.0</controlfield>
  <controlfield tag="008">050411s2000    pl           |000 0 pol c</controlfield>
  <datafield tag="020" ind1=" " ind2=" ">
    <subfield code="a">8370069649</subfield>
    <subfield code="q">(oprawa mi&#x119;kka)</subfield>
  </datafield>
  <datafield tag="035" ind1=" " ind2=" ">
    <subfield code="a">(OCoLC)830225733</subfield>
  </datafield>
  <datafield tag="035" ind1=" " ind2=" ">
    <subfield code="a">(NUKAT)zz2005906517</subfield>
  </datafield>
  <datafield tag="040" ind1=" " ind2=" ">
    <subfield code="a">GD PAN/KM</subfield>
    <subfield code="b">pol</subfield>
    <subfield code="e">rda</subfield>
    <subfield code="c">GD PAN/KM</subfield>
    <subfield code="d">GD PAN/MO</subfield>
    <subfield code="d">GD PAN/JSs</subfield>
    <subfield code="d">GD PAN/MO</subfield>
    <subfield code="d">OLSZT 008/bak</subfield>
  </datafield>
  <datafield tag="046" ind1=" " ind2=" ">
    <subfield code="k">2000</subfield>
    <subfield code="o">1987</subfield>
    <subfield code="p">2000</subfield>
  </datafield>
  <datafield tag="100" ind1="1" ind2=" ">
    <subfield code="a">Por&#x119;bski, Czes&#x142;aw</subfield>
    <subfield code="d">(1945- ).</subfield>
    <subfield code="e">Autor</subfield>
    <subfield code="9">40346</subfield>
  </datafield>
  <datafield tag="245" ind1="1" ind2="0">
    <subfield code="a">O Europie i Europejczykach /</subfield>
    <subfield code="c">Czes&#x142;aw Por&#x119;bski.</subfield>
  </datafield>
  <datafield tag="260" ind1=" " ind2=" ">
    <subfield code="a">Krak&#xF3;w :</subfield>
    <subfield code="b">Wydawnictwo Znak,</subfield>
    <subfield code="c">2000.</subfield>
  </datafield>
  <datafield tag="300" ind1=" " ind2=" ">
    <subfield code="a">250 stron ;</subfield>
    <subfield code="c">20 cm.</subfield>
  </datafield>
  <datafield tag="336" ind1=" " ind2=" ">
    <subfield code="a">Tekst</subfield>
    <subfield code="b">txt</subfield>
    <subfield code="2">rdacontent</subfield>
  </datafield>
  <datafield tag="337" ind1=" " ind2=" ">
    <subfield code="a">Bez urz&#x105;dzenia po&#x15B;rednicz&#x105;cego</subfield>
    <subfield code="b">n</subfield>
    <subfield code="2">rdamedia</subfield>
  </datafield>
  <datafield tag="338" ind1=" " ind2=" ">
    <subfield code="a">Wolumin</subfield>
    <subfield code="b">nc</subfield>
    <subfield code="2">rdacarrier</subfield>
  </datafield>
  <datafield tag="380" ind1=" " ind2=" ">
    <subfield code="a">Ksi&#x105;&#x17C;ki</subfield>
  </datafield>
  <datafield tag="380" ind1=" " ind2=" ">
    <subfield code="a">Literatura faktu, eseje, publicystyka</subfield>
  </datafield>
  <datafield tag="388" ind1="1" ind2=" ">
    <subfield code="a">1901-2000</subfield>
  </datafield>
  <datafield tag="388" ind1="1" ind2=" ">
    <subfield code="a">1989-2000</subfield>
  </datafield>
  <datafield tag="490" ind1="1" ind2=" ">
    <subfield code="a">Biblioteka My&#x15B;li Politycznej - O&#x15B;rodek My&#x15B;li Politycznej ;</subfield>
    <subfield code="v">27</subfield>
  </datafield>
  <datafield tag="610" ind1="2" ind2="7">
    <subfield code="a">Unia Europejska (UE)</subfield>
    <subfield code="2">DBN</subfield>
    <subfield code="9">40347</subfield>
  </datafield>
  <datafield tag="650" ind1=" " ind2="7">
    <subfield code="a">Europejczycy</subfield>
    <subfield code="2">DBN</subfield>
    <subfield code="9">40348</subfield>
  </datafield>
  <datafield tag="650" ind1=" " ind2="7">
    <subfield code="a">Integracja europejska</subfield>
    <subfield code="2">DBN</subfield>
    <subfield code="9">38005</subfield>
  </datafield>
  <datafield tag="651" ind1=" " ind2="7">
    <subfield code="a">Europa</subfield>
    <subfield code="2">DBN</subfield>
    <subfield code="9">35699</subfield>
  </datafield>
  <datafield tag="651" ind1=" " ind2="7">
    <subfield code="a">Polska</subfield>
    <subfield code="2">DBN</subfield>
    <subfield code="9">35076</subfield>
  </datafield>
  <datafield tag="655" ind1=" " ind2="7">
    <subfield code="a">Esej</subfield>
    <subfield code="2">DBN</subfield>
    <subfield code="9">35636</subfield>
  </datafield>
  <datafield tag="658" ind1=" " ind2=" ">
    <subfield code="a">Polityka, politologia, administracja publiczna</subfield>
  </datafield>
  <datafield tag="710" ind1="2" ind2=" ">
    <subfield code="a">Spo&#x142;eczny Instytut Wydawniczy Znak.</subfield>
    <subfield code="e">Wydawca</subfield>
    <subfield code="4">pbl</subfield>
    <subfield code="9">11774</subfield>
  </datafield>
  <datafield tag="830" ind1=" " ind2="0">
    <subfield code="a">Biblioteka My&#x15B;li Politycznej (O&#x15B;rodek My&#x15B;li Politycznej)</subfield>
    <subfield code="x">1733-7194</subfield>
    <subfield code="v">27</subfield>
    <subfield code="9">15871</subfield>
  </datafield>
  <datafield tag="920" ind1=" " ind2=" ">
    <subfield code="a">83-7006-964-9 (oprawa mi&#x119;kka)</subfield>
  </datafield>
  <datafield tag="942" ind1=" " ind2=" ">
    <subfield code="2">ddc</subfield>
    <subfield code="c">BK_NM</subfield>
  </datafield>
  <datafield tag="999" ind1=" " ind2=" ">
    <subfield code="c">27709</subfield>
    <subfield code="d">27709</subfield>
  </datafield>
  <datafield tag="952" ind1=" " ind2=" ">
    <subfield code="0">0</subfield>
    <subfield code="1">0</subfield>
    <subfield code="2">ddc</subfield>
    <subfield code="4">0</subfield>
    <subfield code="7">0</subfield>
    <subfield code="8">K_mag</subfield>
    <subfield code="a">BIP</subfield>
    <subfield code="b">BIP</subfield>
    <subfield code="d">2017-07-03</subfield>
    <subfield code="e">W-44/2017</subfield>
    <subfield code="f">W</subfield>
    <subfield code="g">15.00</subfield>
    <subfield code="i">59917</subfield>
    <subfield code="l">0</subfield>
    <subfield code="o">59917</subfield>
    <subfield code="p">IPWK21616</subfield>
    <subfield code="r">2026-04-21 11:53:19</subfield>
    <subfield code="w">2026-04-21</subfield>
    <subfield code="y">BK_NM</subfield>
  </datafield>
</record>
